| 000 | 00586nam a22002297a 4500 | ||
|---|---|---|---|
| 003 | URS | ||
| 005 | 20250828100517.0 | ||
| 008 | 250317b ||||| |||| 00| 0 eng d | ||
| 020 | _a9781003022435 | ||
| 040 | _cURS | ||
| 050 |
_aHD31 _b.M334 2019 |
||
| 100 |
_911246 _aMarcus, Jos |
||
| 245 | _aHandbook Organization Management | ||
| 264 |
_bRoutledge _c©2019 |
||
| 336 |
_2rdacontent _atext |
||
| 337 |
_2rdamedia _aunmediated |
||
| 338 |
_2rdacarrier _avolume |
||
| 650 | 0 |
_9965 _aManagement |
|
| 650 | 0 |
_93809 _aOrganization |
|
| 700 |
_911247 _aDam, Nick Yan |
||
| 942 |
_2lcc _cR |
||
| 999 |
_c85117 _d85115 |
||